[Event "87th NY Masters"]
[Site "New York USA"]
[Date "2004.01.13"]
[Round "4"]
[White "Becerra Rivero,J"]
[Black "Blatny,P"]
[Result "1-0"]
[WhiteElo "2569"]
[BlackElo "2452"]

1.e4 e5 2.Nf3 Nc6 3.Bb5 a6 4.Ba4 Nf6 5.O-O Be7 6.Re1 b5 7.Bb3 O-O 8.a4 Bb7
9.d3 d6 10.Nc3 b4 11.Ne2 Na5 12.Ba2 Rb8 13.Ng3 Bc8 14.d4 Nd7 15.Nf5 Bf6 16.c3 b3
17.Bb1 g6 18.Ne3 Bg7 19.Bd3 c6 20.Qe2 Qb6 21.h4 h5 22.Nc4 Qc7 23.Ra3 Re8
24.Qd1 Bf8 25.Nxa5 Qxa5 26.Rxb3 Qxa4 27.Bc2 Qa5 28.Ng5 f6 29.Nf3 Kg7 30.Qd2 Kh7
31.Qd3 Qc7 32.Rd1 Nb6 33.Be3 d5 34.Rxb6 Rxb6 35.dxe5 Rxb2 36.exf6 dxe4 37.Ng5+ Kh8
38.Qd4 c5 39.f7+ Re5 40.Qd8 Qxd8 41.Rxd8 Kg7 42.Bxe4 Bb7 43.Rb8 Rxe4 44.Nxe4 Rb1+
45.Kh2 Bxe4 46.Bh6+ Kxh6 47.Rxf8 Kg7 48.Re8 Kxf7 49.Rxe4 Rb7 50.Kg3 a5 51.Kf4 Ra7
52.Ra4 Ke6 53.Kg5 Kf7 54.f3 Ra6 55.g4 hxg4 56.fxg4 Kg7 57.h5 gxh5 58.gxh5 Kf7
59.Kf5 Rh6 60.Kg5 Ra6 61.c4 Kg7 62.Kf5 Rh6 63.Rxa5 Rxh5+ 64.Ke6 Kf8 65.Ra8+ Kg7
66.Rc8 Rg5 67.Kd6 Kf7  1-0

[Event "88th NY Masters"]
[Site "New York USA"]
[Date "2004.01.20"]
[Round "3"]
[White "Becerra Rivero,J"]
[Black "Ehlvest,J"]
[Result "0-1"]
[WhiteElo "2569"]
[BlackElo "2602"]

1.e4 e6 2.d4 d5 3.Nc3 Bb4 4.e5 b6 5.Qg4 Bf8 6.Bb5+ c6 7.Ba4 Ne7 8.Bg5 Ba6
9.f4 b5 10.Bb3 Nd7 11.Bxe7 Qxe7 12.Nce2 c5 13.c3 b4 14.Qf3 bxc3 15.bxc3 cxd4
16.Nxd4 Nc5 17.Bc2 Qc7 18.Nge2 Be7 19.O-O g6 20.Rfe1 O-O 21.f5 exf5 22.Nf4 Bc4
23.Nxf5 gxf5 24.Bxf5 Qb6 25.Bxh7+ Kxh7 26.Qh5+ Qh6 27.Qf5+ Kh8 28.Re3 Ne4
29.Rd1 Bc5 30.Rd4 Bxd4 31.cxd4 Rab8 32.h3 Qg5  0-1

[Event "92nd NY Masters"]
[Site "New York USA"]
[Date "2004.03.02"]
[Round "4"]
[White "Becerra Rivero,J"]
[Black "Ehlvest,J"]
[Result "1/2-1/2"]
[WhiteElo "2569"]
[BlackElo "2602"]

1.e4 c6 2.d4 d5 3.e5 Bf5 4.Nf3 e6 5.Be2 Nd7 6.O-O Bg4 7.Ng5 Bxe2 8.Qxe2 h6
9.Nh3 Ne7 10.c3 c5 11.Be3 Nf5 12.g4 Nxe3 13.fxe3 g5 14.Nd2 Bg7 15.Rf2 O-O
16.Nf1 f6 17.exf6 Nxf6 18.Ng3 Qe7 19.Raf1 a6 20.Rf3 Bh8 21.Nf2 Nd7 22.Nd3 Rxf3
23.Rxf3 Rf8 24.Kg2 Rxf3 25.Qxf3 b5 26.b4 cxb4 27.cxb4 Nb6 28.Nc5 Nc4 29.Kh3 a5
30.bxa5 Nxa5 31.Qf1 Nc4 32.Qb1 Qf7 33.Qxb5 Nxe3 34.Qb8+ Kh7 35.Qb1+ Kg8 36.Qb8+ Kh7
37.Qb1+  1/2-1/2

[Event "94th NY Masters"]
[Site "New York USA"]
[Date "2004.03.09"]
[Round "4"]
[White "Becerra Rivero,J"]
[Black "Bonin,J"]
[Result "1-0"]
[WhiteElo "2569"]
[BlackElo "2330"]

1.e4 e6 2.Nc3 c5 3.Nf3 a6 4.d4 cxd4 5.Nxd4 Qc7 6.Be2 Nf6 7.O-O Bb4 8.Bg5 Bxc3
9.Bxf6 gxf6 10.bxc3 Qxc3 11.Rb1 Nc6 12.Nxc6 Qxc6 13.Qd4 e5 14.Qe3 d6 15.Bh5 b5
16.Qh6 Ke7 17.Rb3 Be6 18.Rf3 Raf8 19.Rd1 Qxe4 20.Qxf6+ Kd7 21.Rfd3 Rhg8 22.Rxd6+ Kc8
23.Bf3 Qf4 24.Rc6+ Kb8 25.Qe7  1-0

[Event "Dos Hermanas Internet Final"]
[Site "ICC INT"]
[Date "2004.03.13"]
[Round "2.1"]
[White "Movsesian,S"]
[Black "Becerra Rivero,J"]
[Result "0-1"]
[WhiteElo "2639"]
[BlackElo "2569"]

1.e4 c5 2.Nf3 d6 3.Nc3 Nc6 4.Bb5 Bd7 5.Bxc6 bxc6 6.e5 Nh6 7.O-O Nf5 8.Re1 d5
9.d3 e6 10.b3 Be7 11.Na4 g5 12.c4 g4 13.Nd2 h5 14.Ba3 Qa5 15.Rc1 Rc8 16.Nf1 Nd4
17.Bb2 Nf5 18.Qe2 Rg8 19.Ne3 Nh4 20.Kh1 d4 21.Nf1 Rg5 22.Qd2 Qxd2 23.Nxd2 Ng6
24.Ne4 Rxe5 25.Ba3 Nf4 26.Naxc5 f5 27.g3 Nh3 28.Nxd7 Kxd7 29.Nc5+ Bxc5 30.Rxe5 Bxa3
31.Rf1 Bb4 32.f4 gxf3 33.Rxf3 Ng5 34.Rf1 Kd6 35.Re2 Rh8 36.Kg2 h4 37.Rf4 hxg3
38.hxg3 c5 39.Rh4 Nf7 40.Rxh8 Nxh8 41.Kf3 Ng6 42.Rh2 a5 43.Rh7 Ne5+ 44.Ke2 Ng4
45.Ra7 Ke5 46.a3 Bxa3 47.Rxa5 Bb4 48.Ra6 Kf6 49.Kf3 Be1 50.Ke2 Bxg3 51.Rc6 Nh2
52.Rxc5 f4  0-1

[Event "Dos Hermanas Internet Final"]
[Site "ICC INT"]
[Date "2004.03.14"]
[Round "4.1"]
[White "Fridman,D2"]
[Black "Becerra Rivero,J"]
[Result "1/2-1/2"]
[WhiteElo "2592"]
[BlackElo "2569"]

1.d4 Nf6 2.Nf3 g6 3.c4 Bg7 4.g3 O-O 5.Bg2 d6 6.O-O Nbd7 7.Nc3 e5 8.e4 c6
9.h3 exd4 10.Nxd4 Re8 11.Re1 Qa5 12.Be3 Ne5 13.Bf1 Be6 14.Nxe6 Rxe6 15.Rb1 Nxe4
16.b4 Nxc3 17.bxa5 Nxd1 18.Rexd1 b6 19.axb6 axb6 20.Rxb6 h5 21.c5 d5 22.Ra6 Rxa6
23.Bxa6 Re7 24.Rb1 d4 25.Bf4 g5 26.Bxe5 Rxe5 27.Rc1 Bf8 28.Bb7 Rxc5  1/2-1/2

[Event "Dos Hermanas Internet Final"]
[Site "ICC INT"]
[Date "2004.03.14"]
[Round "4.2"]
[White "Becerra Rivero,J"]
[Black "Fridman,D2"]
[Result "1-0"]
[WhiteElo "2569"]
[BlackElo "2592"]

1.e4 c6 2.d4 d5 3.e5 Bf5 4.Nf3 e6 5.Be2 Ne7 6.Nh4 Bg6 7.Nd2 Nf5 8.Nxg6 hxg6
9.Nb3 Nd7 10.c3 a6 11.g4 Nh4 12.Rg1 g5 13.Be3 Ng6 14.Qd2 Rxh2 15.O-O-O c5
16.Bxg5 Be7 17.Bxe7 Qxe7 18.Qe3 cxd4 19.Nxd4 Qh4 20.Rdf1 Ngxe5 21.f4 Rh3
22.Qd2 Nc6 23.Kb1 Nf6 24.Nxc6 bxc6 25.Qd4 Rb8 26.g5 Ne4 27.Ka1 Rh2 28.Qa7 Rd8
29.f5 Nxg5 30.fxe6 Rxe2 31.Rh1 Qxh1 32.exf7+ Kf8 33.Qc5+ Re7 34.Rxh1 Ne4
35.Qxc6 Rd6 36.Qc8+ Kxf7 37.a3 Nf6 38.Ka2 Rde6 39.Rh8 Kg6 40.c4 dxc4 41.Qxc4 Rd6
42.Qc2+ Kf7 43.Qc4+ Kg6 44.Qc5 Ree6 45.Ra8 Ne4 46.Qg1+ Ng5 47.Rc8 Rd2 48.Rc5  1-0

[Event "Dos Hermanas Internet Final"]
[Site "ICC INT"]
[Date "2004.03.14"]
[Round "5.3"]
[White "Becerra Rivero,J"]
[Black "Riazantsev,A"]
[Result "1-0"]
[WhiteElo "2569"]
[BlackElo "2576"]

1.e4 c6 2.d4 d5 3.Nd2 dxe4 4.Nxe4 Bf5 5.Nc5 b6 6.Nb3 e6 7.Nf3 Bd6 8.g3 Ne7
9.Bg2 h6 10.O-O O-O 11.c4 Nd7 12.Qe2 Qc7 13.Be3 c5 14.Rac1 Rad8 15.Rfd1 Be4
16.dxc5 Nxc5 17.Bxc5 Bxf3 18.Qxf3 Bxc5 19.Nxc5 Qxc5 20.a3 Nf5 21.b4 Qc7 22.c5 Rxd1+
23.Qxd1 Rd8 24.Qe1 bxc5 25.bxc5 Nd4 26.c6 Rd6 27.Rc5 a6 28.Qb1 Rd8 29.Bf1 Rb8
30.Qxb8+ Qxb8 31.c7 Qc8 32.Bxa6 Qxa6 33.c8=Q+ Qxc8 34.Rxc8+ Kh7 35.a4  1-0

[Event "Dos Hermanas Internet Final"]
[Site "ICC INT"]
[Date "2004.03.14"]
[Round "5.2"]
[White "Riazantsev,A"]
[Black "Becerra Rivero,J"]
[Result "1-0"]
[WhiteElo "2576"]
[BlackElo "2569"]

1.d4 Nf6 2.c4 g6 3.Nc3 Bg7 4.e4 d6 5.f3 O-O 6.Nge2 c5 7.d5 e6 8.Ng3 exd5
9.cxd5 a6 10.a4 Re8 11.Be2 Nbd7 12.O-O Rb8 13.Be3 Ne5 14.Qd2 Bd7 15.a5 b5
16.axb6 Rxb6 17.Rxa6 Rxa6 18.Bxa6 Qa5 19.Be2 Rb8 20.h3 Qb4 21.f4 Nc4 22.Bxc4 Qxc4
23.e5 Ne8 24.Nce4 Rb3 25.Re1 f5 26.exf6 Nxf6 27.Nc3 Rb8 28.f5 gxf5 29.Kh1 Re8
30.Ra1 Ne4 31.Ncxe4 fxe4 32.Ra7 Qb5 33.Bf4 e3 34.Bxe3 Be5 35.Bf4 Bxb2 36.Kh2 Bd4
37.Qd1 Kh8 38.Bxd6 Kg8 39.Rc7 Re3 40.Qh5 Re1 41.Qg5+ Kh8 42.Qd8+ Be8 43.h4 Qa4
44.Rf7 h6 45.Bxc5 Be5 46.Rf8+ Kh7 47.Qe7+ Bg7 48.Qxe1 Qxh4+ 49.Kg1 Bxf8 50.Bxf8 Qd4+
51.Qf2 Qxd5 52.Qf6 Qg5 53.Qxg5 hxg5 54.Kf2 Kg6 55.Be7 Bc6 56.Nf1 Bb7 57.Ne3 Bc6
58.g3 Bb7 59.Bd8 Kh5 60.Ke1 Bc8 61.Kd2 Be6 62.Kc3 Bc8 63.Kd4 Kg6 64.Ke5 Bd7
65.Bb6 Bc8 66.Bd4 Bd7 67.Nc4 Bh3 68.Nd6 Bd7 69.Be3 Bc6 70.Ne4 Kh5 71.Nxg5 Kg4
72.Bf4 Bd7 73.Ne4 Bc8 74.Nf6+ Kf3 75.Kd4 Be6 76.Ne4 Bc8 77.Nc5 Bh3 78.Nd3 Bc8
79.Ne5+ Kg2 80.Ke4 Kh3 81.Kf3 Bb7+ 82.Kf2 Bc8 83.Ke3 Be6 84.Nd3 Kg4 85.Nf2+ Kh5
86.Bc7 Kg5 87.Bd8+ Kg6 88.Kf4 Ba2 89.g4 Bb1 90.Nd1 Bc2 91.Ne3 Bb1 92.Nc4 Kf7
93.Ne5+ Ke6 94.g5 Bc2 95.g6 Bb1 96.g7 Bh7 97.Bg5 Bg8 98.Ng4 Kf7 99.Bf6 Kg6
100.Bb2 Be6 101.Ke5 Ba2 102.Kd6 Bg8 103.Ke7 Ba2 104.Kf8 Kf5 105.Nh6+ Kg6
106.Ng8 Kh7 107.Ne7 Bb3 108.Nc6 Bd5 109.Ne5 Bg8 110.Nf7  1-0

[Event "Dos Hermanas Internet Final"]
[Site "ICC INT"]
[Date "2004.03.14"]
[Round "5.1"]
[White "Becerra Rivero,J"]
[Black "Riazantsev,A"]
[Result "1-0"]
[WhiteElo "2569"]
[BlackElo "2576"]

1.e4 d5 2.exd5 Nf6 3.d4 Nxd5 4.Nf3 Bg4 5.Be2 e6 6.O-O Be7 7.c4 Nb6 8.Nc3 O-O
9.Be3 Nc6 10.b3 Qd7 11.Ne5 Nxe5 12.Bxg4 Nxg4 13.Qxg4 Rfe8 14.Rad1 Rad8 15.Bh6 Bf8
16.Bf4 Nc8 17.Ne4 Kh8 18.Qh5 f6 19.Rd3 g6 20.Qh4 g5 21.Qh5 Bg7 22.Rh3 h6
23.Qg6 Rf8 24.Bxg5 Qf7 25.Rxh6+ Bxh6 26.Qxh6+  1-0

[Event "95th NY Masters"]
[Site "New York USA"]
[Date "2004.03.16"]
[Round "4"]
[White "Cela,A"]
[Black "Becerra Rivero,J"]
[Result "0-1"]
[WhiteElo "2482"]
[BlackElo "2569"]

1.e4 c5 2.Nf3 d6 3.d4 cxd4 4.Nxd4 Nf6 5.Nc3 Nc6 6.Bc4 e6 7.Be3 Be7 8.Qe2 Bd7
9.O-O-O Rc8 10.f3 Na5 11.Bb3 a6 12.g4 O-O 13.g5 Ne8 14.f4 b5 15.Kb1 Nc4 16.Rhg1 Qc7
17.Nf5 Bd8 18.Nh6+ Kh8 19.Bd4 Bc6 20.Qh5 e5 21.Bf2 Qb7 22.f5 Ba5 23.Rg3 Bxc3
24.Rh3 g6 25.Qh4 Bxe4 26.f6 Nd2+ 27.Rxd2 Bxd2 28.Nf5 Bxc2+ 29.Bxc2 Qh1+ 30.Be1 Qxe1+
31.Qxe1 Bxe1 32.Ne7 Rc7  0-1

[Event "6th Foxwoods Open"]
[Site "Connecticut USA"]
[Date "2004.04.09"]
[Round "5"]
[White "Becerra Rivero,J"]
[Black "Shabalov,A"]
[Result "1/2-1/2"]
[WhiteElo "2547"]
[BlackElo "2624"]

1.e4 c5 2.Nf3 Nc6 3.Bb5 e6 4.O-O Nge7 5.Re1 a6 6.Bf1 Ng6 7.c3 Be7 8.d4 cxd4
9.cxd4 d5 10.exd5 exd5 11.Nc3 O-O 12.Be3 Be6 13.Rc1 Na5 14.Qd2 h6 15.Bd3 Nc4
16.Qc2 Nh4 17.Nxh4 Nxe3 18.Rxe3 Bxh4 19.Rd1 Rc8 20.Bf5 Qb6 21.Bxe6 fxe6 22.g3 Bf6
23.Red3 Rc4 24.Qd2 Rfc8 25.Qe3 R8c6 26.R1d2 a5 27.h4 a4 28.a3 Qa6 29.h5 Rc8
30.f4 Qd6 31.Kg2 Qd7 32.Qf3 b5  1/2-1/2

[Event "6th Foxwoods Open"]
[Site "Connecticut USA"]
[Date "2004.04.11"]
[Round "9"]
[White "Mitkov,N"]
[Black "Becerra Rivero,J"]
[Result "0-1"]
[WhiteElo "2520"]
[BlackElo "2547"]

1.e4 c5 2.Nc3 Nc6 3.f4 g6 4.Nf3 Bg7 5.Bc4 e6 6.O-O Nge7 7.Qe1 O-O 8.d3 d5
9.Bb3 Nd4 10.Nxd4 cxd4 11.Nd1 a5 12.a4 Kh8 13.Kh1 f5 14.Nf2 Qd6 15.Bd2 b6
16.exf5 gxf5 17.Nh3 Ng6 18.Ng5 Ra7 19.Qg3 Bf6 20.Rae1 Rg7 21.Re2 h6 22.Qh3 Bxg5
23.fxg5 e5 24.gxh6 Rgf7 25.Qh5 Kh7 26.g3 f4 27.Ref2 Rf5 28.Qe2 Bd7 29.Kg1 Rg5
30.Qf3 Bc6 31.Re2 Rff5 32.Kh1 e4 33.dxe4 dxe4 34.Rxe4 fxg3  0-1

[Event "98th NY Masters"]
[Site "New York USA"]
[Date "2004.04.20"]
[Round "4"]
[White "Becerra Rivero,J"]
[Black "Klein,Ere"]
[Result "1/2-1/2"]
[WhiteElo "2547"]
[BlackElo "2292"]

1.e4 c5 2.Nf3 d6 3.d4 cxd4 4.Nxd4 Nf6 5.Nc3 a6 6.h3 e6 7.g4 h6 8.Bg2 Bd7
9.Be3 Nc6 10.Qe2 Qc7 11.f4 Rc8 12.O-O Nxd4 13.Bxd4 e5 14.Be3 Qc4 15.Qf3 exf4
16.Qxf4 Be6 17.a3 Be7 18.Rad1 O-O 19.Rf2 Nd7 20.Qg3 Bf6 21.Qxd6 Be5 22.Qd2 Bxc3
23.bxc3 Qxc3 24.Qc1 Rc4 25.Rd3 Qa5 26.Qb2 Nc5 27.Bd2 Qa4 28.Bb4 Rc8 29.Rd4 Rxd4
30.Qxd4 Nd7 31.Bc3 Qxd4 32.Bxd4 Rc4 33.c3 Ra4 34.e5 b5 35.Rb2 Rxa3 36.Kf2 Ra4
37.Ke3 Kf8 38.Bf3 Ke7 39.h4 Ra2 40.Rxa2 Bxa2 41.e6 Bxe6 42.Bxg7 Nf6 43.Kf4 Ng8
44.Bd4 Nf6 45.Bc5+ Kd7 46.Bf8 Ng8 47.Bb4 Ne7 48.h5 Bd5 49.Bxe7 Bxf3 50.Bf8 Bd1
51.Bxh6 Bc2 52.Bf8 f6 53.Bb4 Ke6 54.Ba5 Bd3 55.Ke3 Bb1 56.Bd8 Bc2 57.Kd4 Kf7
58.Ke3 Bd1 59.Kf4 Bc2 60.g5 fxg5+ 61.Kxg5 Kg7 62.Bb6  1/2-1/2

[Event "103rd NY Masters"]
[Site "New York USA"]
[Date "2004.05.25"]
[Round "4"]
[White "Becerra Rivero,J"]
[Black "Scekic,M"]
[Result "1/2-1/2"]
[WhiteElo "2547"]
[BlackElo "2405"]

1.e4 c6 2.d4 d6 3.Nf3 Nf6 4.Bd3 e5 5.c3 Nbd7 6.O-O Be7 7.Re1 O-O 8.Nbd2 Qc7
9.a4 b6 10.Nf1 a6 11.Ng3 Re8 12.b4 Bb7 13.Bd2 Bf8 14.Rb1 Rad8 15.Qc2 g6 16.Rbd1 Bg7
17.dxe5 dxe5 18.Bc4 h6 19.Qc1  1/2-1/2

[Event "US Open"]
[Site "Fort Lauderdale USA"]
[Date "2004.08.15"]
[Round "9"]
[White "Becerra Rivero,J"]
[Black "Martinez,Marce"]
[Result "0-1"]
[WhiteElo "2550"]
[BlackElo "2383"]

1.e4 c5 2.Nf3 d6 3.d4 cxd4 4.Nxd4 Nf6 5.Nc3 Nc6 6.g3 g6 7.Nde2 Bg7 8.Bg2 O-O
9.h3 Rb8 10.O-O a6 11.a4 b5 12.axb5 axb5 13.Nd5 Nd7 14.c3 e6 15.Ne3 Nc5 16.Nd4 Bd7
17.Kh2 b4 18.Nc4 bxc3 19.bxc3 Nxd4 20.cxd4 Bb5 21.Qc2 Bxd4 22.Bh6 Bxa1 23.Rxa1 Bxc4
24.Qxc4 Re8 25.e5 Qe7 26.Be3 Rbc8 27.exd6 Qxd6 28.Qb4 Rc7 29.Ra5 Rec8 30.Rb5 Qe7
31.h4 Nd3 32.Qd2 Rd7  0-1

[Event "HB Global CC"]
[Site "Minneapolis USA"]
[Date "2005.05.18"]
[Round "1"]
[White "Becerra Rivero,J"]
[Black "Ludwig,D"]
[Result "1-0"]
[WhiteElo "2552"]
[BlackElo "2365"]

1.e4 c5 2.Nf3 d6 3.d4 cxd4 4.Nxd4 Nf6 5.Nc3 a6 6.Be3 e6 7.f3 b5 8.g4 h6 9.Qd2 b4
10.Nce2 e5 11.Nb3 a5 12.Rd1 Qc7 13.Ng3 g6 14.h4 h5 15.Bb5+ Nbd7 16.g5 a4
17.gxf6 axb3 18.axb3 Rb8 19.Ba4 Bb7 20.Qxb4 Bc6 21.Qc3 Rc8 22.Bxc6 Qxc6 23.Qxc6 Rxc6
24.c4 Nxf6 25.Ra1 Kd7 26.Ne2 Be7 27.Kd2 Rb8 28.Kc2 Rc7 29.Nc3 Rcb7 30.Ba7 Rc8
31.Ra4 Ne8 32.Nd5 Bd8 33.Bf2 Rcb8 34.b4 Nc7 35.Nxc7 Bxc7 36.b5 Ke6 37.Rg1 Bd8
38.Ra6 Be7 39.b4 Kd7 40.Kb3 Bf8 41.Rd1 Ke6 42.b6 Rc8 43.Ra7  1-0

[Event "HB Global CC"]
[Site "Minneapolis USA"]
[Date "2005.05.19"]
[Round "3"]
[White "Becerra Rivero,J"]
[Black "Rogers,N"]
[Result "1-0"]
[WhiteElo "2552"]
[BlackElo "2264"]

1.e4 c6 2.d4 g6 3.Nc3 Bg7 4.Nf3 d5 5.h3 Nf6 6.Bd3 dxe4 7.Nxe4 Nxe4 8.Bxe4 Nd7
9.O-O O-O 10.c3 e5 11.Bc2 exd4 12.Nxd4 Nc5 13.Be3 Ne6 14.Nb3 Qc7 15.Qf3 a5
16.a4 b6 17.Rfd1 Bb7 18.Nd2 Rad8 19.Nc4 c5 20.Be4 Bxe4 21.Qxe4 Rxd1+ 22.Rxd1 Rd8
23.Rd5 Bf6 24.Bh6 Rxd5 25.Qxd5 Qd8 26.Qxd8+ Bxd8 27.Be3 Bc7 28.Kf1 f5 29.Ke2 Kf7
30.Kd3 Ke7 31.b4 Kd7 32.b5 g5 33.Bd2 Ke7 34.f3 Kf6 35.Ne3 Bd8 36.Nd5+ Ke5
37.c4 Kd6 38.h4 Kd7 39.Bc3 Kc8 40.Ke3 h6 41.hxg5 hxg5 42.f4  1-0

[Event "HB Global CC"]
[Site "Minneapolis USA"]
[Date "2005.05.21"]
[Round "6"]
[White "Swathi,G"]
[Black "Becerra Rivero,J"]
[Result "0-1"]
[WhiteElo "2238"]
[BlackElo "2552"]

1.e4 e5 2.Nf3 Nc6 3.Bb5 a6 4.Ba4 Nf6 5.O-O Nxe4 6.d4 b5 7.Bb3 d5 8.dxe5 Be6
9.c3 Be7 10.Nbd2 O-O 11.Bc2 f5 12.exf6 Nxf6 13.Nb3 Bg4 14.Qd3 Qd6 15.Nbd4 Nxd4
16.Nxd4 g6 17.Qg3 c5 18.Nb3 Qd7 19.Bg5 Bd6 20.Qh4 Ne4 21.Bxe4 dxe4 22.Rfe1 Rae8
23.Nd2 e3 24.Rxe3 Rxe3 25.fxe3 Bf5 26.e4 Be6 27.Nf3 Re8 28.Rd1 Bxh2+ 29.Kxh2 Qxd1
30.Be3 Qd6+ 31.Bf4 Qe7 32.Bg5 Qc7+ 33.Bf4 Qe7 34.Bg5 Qb7 35.a3 Bc4 36.e5 Bd5
37.Qf4 Bxf3 38.gxf3 Qd7 39.Kg3 h6 40.Bf6 Kh7 41.Qe4 c4 42.Qd4 Qf7 43.f4 Kg8
44.Qd6 Re6 45.Qd8+ Qf8 46.Qd5 Qc8 47.Qe4 Kf7 48.f5 gxf5 49.Qxf5 Qg8+ 50.Kh2 Qg6
51.Qf2 Qh5+ 52.Kg1 Qg4+ 53.Kh2 Kg6 54.Qc2+ Kh5 55.Qh7 Qg6 56.Qb7 Rxf6 57.exf6 Qxf6
58.Qd5+ Kg6 59.Qg8+ Kf5 60.Qc8+ Ke4 61.Qd7 Ke3 62.Qd1 Qf2+  0-1

[Event "HB Global CC"]
[Site "Minneapolis USA"]
[Date "2005.05.21"]
[Round "7"]
[White "Becerra Rivero,J"]
[Black "Milovanovic,R"]
[Result "1/2-1/2"]
[WhiteElo "2552"]
[BlackElo "2399"]

1.e4 c5 2.Nf3 Nc6 3.d4 cxd4 4.Nxd4 Nf6 5.Nc3 Qb6 6.Nb3 e6 7.Bd3 Be7 8.f4 d6
9.Qf3 a6 10.g4 Qc7 11.g5 Nd7 12.h4 b5 13.h5 Nb6 14.Be3 Na4 15.Nxa4 bxa4 16.Nd2 Bb7
17.a3 d5 18.exd5 exd5 19.Bf2 O-O-O 20.O-O-O Bd6 21.Rh4 Kb8 22.Nf1 h6 23.Kb1 Rhe8
24.gxh6 gxh6 25.Ng3 Be7 26.Rhh1 Bf6 27.Nf5 Na5 28.Rhe1 Nc4 29.Bxc4 dxc4 30.Rxd8+ Rxd8
31.Qe3 Bc8 32.Nxh6 Bd4 33.Qg3 Bxf2 34.Qxf2 Rh8 35.Nxf7 Qxf7 36.Qb6+ Bb7 37.h6 c3
38.Qd6+ Ka8 39.bxc3 Qh5 40.Kc1 Qh4 41.Re7 Qh1+ 42.Kd2 Qh2+ 43.Kc1 Qh1+ 44.Kd2 Qh2+  1/2-1/2

[Event "5th Emory Castle"]
[Site "Atlanta USA"]
[Date "2005.06.10"]
[Round "1"]
[White "Becerra Rivero,J"]
[Black "Francisco,R"]
[Result "1-0"]
[WhiteElo "2552"]
[BlackElo "2195"]

1.e4 c5 2.Nf3 Nc6 3.d4 cxd4 4.Nxd4 Nf6 5.Nc3 e5 6.Ndb5 d6 7.Bg5 a6 8.Na3 b5
9.Bxf6 gxf6 10.Nd5 Bg7 11.g3 O-O 12.Bg2 Ne7 13.O-O Nxd5 14.Qxd5 Be6 15.Qd3 Qc8
16.c3 Rd8 17.Rfd1 Ra7 18.Nc2 f5 19.Ne3 f4 20.Nf5 fxg3 21.hxg3 Rad7 22.Qf3 Kh8
23.Qh5 f6 24.Bh3 Qc6 25.Nd4 exd4 26.Bxe6 dxc3 27.Bxd7 Qxd7 28.bxc3 Qc6 29.Rd5  1-0

[Event "5th Emory Castle"]
[Site "Atlanta USA"]
[Date "2005.06.11"]
[Round "2"]
[White "Dunne,A"]
[Black "Becerra Rivero,J"]
[Result "0-1"]
[WhiteElo "2222"]
[BlackElo "2552"]

1.d4 d5 2.Nc3 Nf6 3.Bg5 c5 4.e3 Nc6 5.Nf3 Bg4 6.Be2 e6 7.O-O Bxf3 8.Bxf3 cxd4
9.exd4 Be7 10.Qd2 O-O 11.Rfd1 Ne8 12.Bxe7 Qxe7 13.Ne2 Nd6 14.c3 b5 15.Nf4 b4
16.cxb4 Nf5 17.Ne2 Qxb4 18.Rac1 Qb6 19.Rc3 Rab8 20.b3 Rfd8 21.Qf4 h6 22.h4 Nce7
23.h5 Rbc8 24.Rdc1 Rxc3 25.Rxc3 Nc6 26.Rd3 Nb4 27.Rd2 Qb8 28.g4 Qxf4 29.Nxf4 Nd6
30.a3 Nc6 31.Ne2 Rb8 32.Rd3 Na5 33.b4 Nac4 34.Nc3 a5 35.Na2 Ra8 36.Nc1 axb4
37.axb4 Ra4 38.Rb3 Ra1 39.Rc3 Nb5  0-1

[Event "US Open"]
[Site "Phoenix USA"]
[Date "2005.08.08"]
[Round "3"]
[White "Saidy,A"]
[Black "Becerra Rivero,J"]
[Result "0-1"]
[WhiteElo "2329"]
[BlackElo "2559"]

1.Nf3 Nf6 2.c4 c6 3.d4 d5 4.cxd5 cxd5 5.Nc3 Nc6 6.Bf4 Bf5 7.e3 e6 8.Bb5 Nd7
9.O-O Rc8 10.Rc1 Be7 11.Na4 g5 12.Bg3 h5 13.h3 h4 14.Be5 f6 15.Bh2 g4 16.hxg4 Bxg4
17.Qd3 Bf5 18.Qb3 Kf7 19.Bxc6 bxc6 20.Qb7 h3 21.Rxc6 Rxc6 22.Qxc6 hxg2 23.Rc1 Be4
24.Nd2 Rxh2 25.Kxh2 Qh8+ 26.Kg3 Qg7+ 27.Kh2 Qh6+ 28.Kg3 Qg5+ 29.Kh3 Bf5+
30.Kh2 g1=Q+ 31.Rxg1 Qh4+ 32.Kg2 Qh3+  0-1

[Event "34th World Open"]
[Site "Philadelphia USA"]
[Date "2006.07.04"]
[Round "8"]
[White "Becerra Rivero,J"]
[Black "Ibragimov,I"]
[Result "0-1"]
[WhiteElo "2565"]
[BlackElo "2637"]

1.e4 e6 2.d4 d5 3.Nc3 Nf6 4.Bg5 dxe4 5.Nxe4 Be7 6.Bxf6 gxf6 7.Qd3 Nd7 8.O-O-O c6
9.Qg3 Nf8 10.h4 h5 11.Nf3 f5 12.Nc5 Qd6 13.Qe5 Qxe5 14.Nxe5 f6 15.Ned3 e5
16.Re1 e4 17.Nf4 Bd6 18.g3 b6 19.Nb3 Bxf4+ 20.gxf4 Be6 21.Kd2 Ng6 22.f3 Kf7
23.c4 exf3 24.Re3 Nxf4 25.Rxf3 Ng6 26.Kc3 f4 27.Bd3 Bg4 28.Bxg6+ Kxg6 29.Rxf4 Rhe8
30.Nc1 Re3+ 31.Kd2 Rae8 32.Rhf1 f5 33.R1f2  0-1

[Event "USCL"]
[Site "ICC INT"]
[Date "2006.08.30"]
[Round "1"]
[White "Christiansen,L"]
[Black "Becerra Rivero,J"]
[Result "1-0"]
[WhiteElo "2572"]
[BlackElo "2546"]

1.e4 e5 2.Nf3 Nc6 3.Bb5 a6 4.Ba4 Nf6 5.O-O Nxe4 6.d4 b5 7.Bb3 d5 8.dxe5 Be6
9.c3 Be7 10.Re1 O-O 11.Nd4 Nxd4 12.cxd4 f5 13.exf6 Bxf6 14.Rxe4 dxe4 15.Bxe6+ Kh8
16.Be3 c5 17.d5 Bxb2 18.Nd2 c4 19.Rb1 Qf6 20.Nxe4 Qg6 21.Rxb2 Qxe4 22.Re2 Qg6
23.Bd4 Rf4 24.Be5 Re4 25.h3 b4 26.f4 c3 27.Rxe4 Qxe4 28.Qg4 Qb1+ 29.Kh2 Qg6
30.Qxg6 hxg6 31.d6 a5 32.d7 a4 33.a3 g5 34.fxg5 c2 35.Bb2 b3 36.g6 Rf8 37.h4  1-0

[Event "USCL"]
[Site "ICC INT"]
[Date "2006.11.01"]
[Round "10"]
[White "McCambridge,V"]
[Black "Becerra Rivero,J"]
[Result "0-1"]
[WhiteElo "2459"]
[BlackElo "2546"]

1.d4 d5 2.Nf3 Nf6 3.c4 c6 4.Nc3 e6 5.cxd5 exd5 6.Bg5 Be7 7.Qc2 g6 8.e3 Bf5
9.Bd3 Bxd3 10.Qxd3 Nbd7 11.O-O O-O 12.Rab1 a5 13.a3 Re8 14.Bxf6 Nxf6 15.b4 axb4
16.axb4 Bd6 17.Nd2 b5 18.Ne2 Qe7 19.Qc3 Rec8 20.Rb2 Nd7 21.Rfb1 Nb6 22.Rb3 Ra4
23.Nc1 Nc4 24.Nd3 Ra2 25.Nf1 Rca8 26.Re1 R8a3 27.Reb1 Qe4 28.Rxa3 Rxa3 29.Rb3 Ra2
30.Ng3 Bxg3 31.hxg3 Nxe3  0-1

[Event "ch-USA"]
[Site "Stillwater USA"]
[Date "2007.05.16"]
[Round "2"]
[White "Ibragimov,I"]
[Black "Becerra Rivero,J"]
[Result "1-0"]
[WhiteElo "2602"]
[BlackElo "2544"]

1.e4 e5 2.Nf3 Nc6 3.Bc4 Nf6 4.d3 Be7 5.O-O O-O 6.Re1 d6 7.a4 Be6 8.Nbd2 Qd7
9.c3 a6 10.a5 Kh8 11.Qb3 Nh5 12.d4 Bg4 13.h3 Bxh3 14.gxh3 Qxh3 15.Nh2 Bh4
16.Ndf1 exd4 17.Bd2 f5 18.cxd4 Bxf2+ 19.Kxf2 fxe4+ 20.Kg1 Rf3 21.Qxb7 Raf8
22.Qxc6 Ng3 23.Ra3 h5 24.Rxf3 exf3 25.Nxf3 Qg4 26.Re8 Ne4+ 27.Kh2  1-0

[Event "ch-USA"]
[Site "Stillwater USA"]
[Date "2007.05.20"]
[Round "6"]
[White "Kaidanov,G"]
[Black "Becerra Rivero,J"]
[Result "1/2-1/2"]
[WhiteElo "2595"]
[BlackElo "2544"]

1.d4 Nf6 2.c4 g6 3.Nc3 Bg7 4.e4 d6 5.Be2 O-O 6.Bg5 Nbd7 7.Qd2 c6 8.f3 a6
9.Nh3 b5 10.Nf2 bxc4 11.Bxc4 d5 12.Bb3 dxe4 13.fxe4 c5 14.d5 Ne5 15.O-O c4
16.Bd1 Rb8 17.Rb1 Ne8 18.Kh1 Nd6 19.Bc2 Rb7 20.Ne2 Bd7 21.Nd4 Re8 22.Nd1 Qb6
23.Be3 Qc7 24.Bh6 Reb8 25.Bxg7 Kxg7 26.Rc1 Nb5 27.Nf3 Nxf3 28.Rxf3 Bg4 29.Re3 Bxd1
30.Bxd1 Qe5 31.b3 c3 32.Qe1 Rc7 33.a4 Nd6 34.Rcxc3 Rxc3 35.Rxc3 Qxe4 36.Re3 Qxd5
37.Rxe7 Rc8 38.Bf3 Qxb3 39.Qe5+ Kg8 40.h3 Qb6 41.Kh2 Rc1 42.Qe3 Qxe3 43.Rxe3 Rc4
44.a5 Rc5 45.Rd3 Ne8  1/2-1/2

[Event "ch-USA"]
[Site "Stillwater USA"]
[Date "2007.05.21"]
[Round "7"]
[White "Gurevich,D"]
[Black "Becerra Rivero,J"]
[Result "1/2-1/2"]
[WhiteElo "2518"]
[BlackElo "2544"]

1.d4 Nf6 2.c4 g6 3.Nc3 Bg7 4.e4 d6 5.Nf3 O-O 6.Be2 e5 7.O-O Nc6 8.d5 Ne7
9.Ne1 Nd7 10.Be3 f5 11.f3 f4 12.Bf2 g5 13.Rc1 Ng6 14.c5 Nxc5 15.b4 Na6 16.Nb5 Bd7
17.Nxa7 h5 18.Bxa6 bxa6 19.Nc6 Qf6 20.Na5 Qd8 21.Nc6 Qf6 22.Na7 Qd8 23.Nc6  1/2-1/2

[Event "ch-USA"]
[Site "Stillwater USA"]
[Date "2007.05.22"]
[Round "8"]
[White "Becerra Rivero,J"]
[Black "Ehlvest,J"]
[Result "1/2-1/2"]
[WhiteElo "2544"]
[BlackElo "2640"]

1.e4 c5 2.Nf3 e6 3.d4 cxd4 4.Nxd4 a6 5.Nc3 Qc7 6.Bd3 Nf6 7.Be3 b5 8.f4 Bb7
9.Qf3 Nc6 10.g4 Nxd4 11.Bxd4 Bc5 12.Bxc5 Qxc5 13.g5 Ng8 14.O-O-O Ne7 15.h4 b4
16.Ne2 a5 17.Rh3 Rc8 18.Kb1 O-O 19.Qe3 f5 20.Qxc5 Rxc5 21.exf5 Nxf5 22.Bxf5 Rfxf5
23.Re3 Rc7 24.a3 bxa3 25.Rxa3 Be4 26.Rd2 Rb7 27.Re3 Bd5 28.Rc3 Rf8 29.Ra3 Bc4
30.Rxa5  1/2-1/2

[Event "35th World Open"]
[Site "King of Prussia USA"]
[Date "2007.06.02"]
[Round "5"]
[White "Becerra Rivero,J"]
[Black "Ibragimov,I"]
[Result "1/2-1/2"]
[WhiteElo "2544"]
[BlackElo "2602"]

1.e4 e5 2.Nf3 Nc6 3.Bb5 a6 4.Ba4 Nf6 5.O-O Be7 6.Re1 b5 7.Bb3 d6 8.c3 O-O
9.h3 Na5 10.Bc2 c5 11.d4 Qc7 12.d5 c4 13.b4 cxb3 14.axb3 Nb7 15.b4 Nd7 16.g4 Nb6
17.Kh2 Bd7 18.Bd3 Nd8 19.Re2 f6 20.Rea2 Na4 21.Rc2 Nf7 22.Bd2 Qb7 23.Na3 h5
24.Nh4 hxg4 25.hxg4 Ng5 26.Nf5 Be8 27.c4 g6 28.Ng3 Bd8 29.Kg2 Bb6 30.cxb5 Bd4
31.Rac1 axb5 32.Rc7 Qb6 33.Qh1 Nc5 34.Re7 Qd8 35.Rxe8 Rxe8 36.bxc5 Rxa3 37.cxd6 Rxd3
38.Bxg5 fxg5 39.Rc7 Rxg3+ 40.fxg3 Qf6 41.Qh7+ Kf8 42.Qh6+ Kg8  1/2-1/2

[Event "35th World Open"]
[Site "King of Prussia USA"]
[Date "2007.06.03"]
[Round "7"]
[White "Stocek,J"]
[Black "Becerra Rivero,J"]
[Result "1/2-1/2"]
[WhiteElo "2567"]
[BlackElo "2544"]

1.d4 Nf6 2.c4 g6 3.Nc3 Bg7 4.e4 d6 5.h3 O-O 6.Bg5 Nbd7 7.Bd3 a6 8.Nf3 c5
9.O-O cxd4 10.Nxd4 Nc5 11.Re1 Bd7 12.Bf1 h6 13.Bh4 Rc8 14.Rc1 Re8 15.b4 Ne6
16.Nb3 b6 17.Nd5 g5 18.Nxf6+ Bxf6 19.Bg3 Ba4 20.Qh5 Kg7  1/2-1/2